| 000 | 00428 a2200169 4500 | ||
|---|---|---|---|
| 020 | _a0304331309 | ||
| 022 | _a9780304331307 | ||
| 082 | _a658.5 | ||
| 090 |
_c6740 _d6740 |
||
| 100 | _aWild,Ray | ||
| 245 |
_aEssentials of Production and Operations Management. _bText and Cases _cRay Wild |
||
| 250 | _a4th. | ||
| 260 |
_aNew York _bCassell _c1995 |
||
| 300 | _a518p. | ||
| 500 | _aPaper cover | ||
| 942 |
_aNBS _cBK _k658.5 WIL |
||
| 999 |
_c349090 _d349090 |
||